Вып. 30; Аппаратура и методы рентгеновского анализа

Λεπτομέρειες βιβλιογραφικής εγγραφής
Parent link:Аппаратура и методы рентгеновского анализа: сборник статей/ Ленинградское научно-производственное объединение "Буревестник" ; гл. ред. Н. И. Комяк. Вып. 30.— , 1967-1989
Γλώσσα:Ρωσικά
Έκδοση: 1983
Θέματα:
Μορφή: Βιβλίο
KOHA link:https://koha.lib.tpu.ru/cgi-bin/koha/opac-detail.pl?biblionumber=289157

MARC

LEADER 00000nam2a2200000 4500
001 289157
005 20231102000148.0
020 |a RU  |b 83-44278ж 
035 |a (RuTPU)RU\TPU\book\313662 
090 |a 289157 
100 |a 20150331d1983 k y0rusy5003 ca 
101 0 |a rus 
102 |a RU 
105 |a a z 001zy 
200 0 |a Вып. 30 
210 |d 1983 
215 |d 21 см  |a 168 с.  |c ил. 
320 |a Библиография в конце статей 
461 1 |0 (RuTPU)RU\TPU\book\132447  |t Аппаратура и методы рентгеновского анализа  |o сборник статей  |f Ленинградское научно-производственное объединение "Буревестник" ; гл. ред. Н. И. Комяк  |v Вып. 30  |d 1967-1989 
606 1 |a Рентгеновские установки  |2 stltpush  |3 (RuTPU)RU\TPU\subj\25087  |9 49322 
606 1 |a Спектральный анализ  |x Приборы и системы  |2 stltpush  |3 (RuTPU)RU\TPU\subj\73675  |9 86541 
610 1 |a рентгеноструктурный анализ 
610 1 |a рентгеноспектральный анализ 
610 1 |a электронная спектроскопия 
610 1 |a рентгеновская спектроскопия 
610 1 |a редкоземельные металлы 
610 1 |a рентгеновские эмиссионные свойства 
610 1 |a рентгеновские спектры 
610 1 |a оптические спектры 
675 |a 621.386  |z rus  |v 4 
675 |a 543.42  |z rus  |v 4 
801 0 |a RU  |b RuMRKP  |c 19950704  |g psbo 
801 1 |a RU  |b 63413507  |c 20150331 
801 2 |a RU  |b 63413507  |c 20180212  |g RCR 
942 |c BK